LDR 01055naa#a2200181#i#450# 001 RU\\bibl\115364 005 20260430113659.4 011 ## _a1994-4683 100 ## _a20260429b2026####ek#y0rusy0150####ca 102 ## _aRU 200 1# _aСпециальное нападение как фактор повышения результативности соревновательной деятельности квалифицированных баскетболисток _eЖурнальная статья 210 1# _aМосква _cНациональный государственный Университет физической культуры, спорта и здоровья им. П.Ф. Лесгафта _d2026 215 ## _a6 с. 608 ## _aЖурнальная статья _2local 675 ## _aБаскетбол. Схожие игры с мячом и корзиной. 796.323 _z 700 #1 _aНестеровский _gДмитрий Иванович 700 #1 _aПашкова _gТатьяна Александровна 856 4# _auchzapiski.lesgaft.spb.ru _u